| 000 | 00423nam a2200181Ia 4500 | ||
|---|---|---|---|
| 001 | 2043 | ||
| 005 | 20260306143813.0 | ||
| 008 | 260306t2021||||xx |||||||||||||| ||spa|| | ||
| 041 | _aESP | ||
| 082 |
_a616.0019 _bD69 |
||
| 100 |
_aDíaz Méndez, Darío, _eAUT |
||
| 245 | 0 | _aPsicología médica | |
| 260 | _c2021 | ||
| 300 |
_axx, 430 páginas : _c28 cm. |
||
| 650 | _aGEN | ||
| 654 | _aCPS | ||
| 942 |
_cLIB _dJUS _fJUS _2ddc _n |
||
| 999 |
_c2043 _d2043 |
||